Music Quiz

Random Music or Song Quiz

Beatles' Songs - Word Cloud Quiz Stats

 Plays Quiz Updated Oct 14, 2016

Also try: U2 Songs
Challenge
Share
Tweet
Score 0/53 Timer 12:00
2 Plays Today
Song % Correct
Yellow Submarine
93.2%
Lucy In The Sky With Diamonds
90%
Strawberry Fields Forever
89.1%
Eleanor Rigby
88.5%
Hey Jude
88.3%
Penny Lane
87%
Helter Skelter
86.5%
Ticket To Ride
85.4%
Back In The USSR
84.8%
Paperback Writer
84.2%
Sgt. Pepper's Lonely Hearts Club Band
81.3%
Twist And Shout
80.8%
While My Guitar Gently Weeps
80.4%
I Am The Walrus
79.1%
A Hard Day's Night
78.2%
Day Tripper
77.7%
Eight Days A Week
77.4%
The Long And Winding Road
76.4%
Hello, Goodbye
74.4%
The Ballad Of John And Yoko
69.8%
Please Please Me
69.7%
Can't Buy Me Love
67.5%
Come Together
66.8%
Nowhere Man
63.4%
Love Me Do
62.4%
I Want To Hold Your Hand
60.5%
Get Back
54.3%
Song % Correct
I Saw Her Standing There
52.7%
With A Little Help From My Friends
49.4%
She Loves You
49.1%
All You Need Is Love
46.3%
Let It Be
45.6%
Oh! Darling
44.8%
All My Loving
42.4%
Please Mr. Postman
42.3%
Getting Better
41.7%
I Feel Fine
40.6%
In My Life
40.2%
From Me To You
40.1%
You've Got To Hide Your Love Away
38.5%
Within You Without You
38.1%
A Day In The Life
37.9%
Got To Get You Into My Life
36.1%
And I Love Her
29.6%
We Can Work It Out
27.8%
She Said, She Said
22.3%
Two Of Us
18.6%
Run For Your Life
17.2%
Don't Let Me Down
16.6%
I Need You
11.8%
Long, Long, Long
11.2%
It's Only Love
10.2%
Love You To
7.8%

You're not logged in!

Compare scores with friends on all Sporcle quizzes.
Join for Free
OR
Log In

You Might Also Like...

Show Comments

Extras

Top Quizzes Today


Score Distribution

Your Account Isn't Verified!

In order to create a playlist on Sporcle, you need to verify the email address you used during registration. Go to your Sporcle Settings to finish the process.

Report this User

Report this user for behavior that violates our Community Guidelines.

Details: